Jurisdição constitucional comparada : (Record no. 386)

MARC details
000 -LÍDER
Campo Fixo de Controle 00910nam a2200265 a 4500
001 - NÚMERO DE CONTROLE
Campo de Controle 386
003 - IDENTIFICAÇÃO DO NÚMERO DE CONTROLE
Campo de Controle BR-CuiBMT
005 - DATA E HORA DA ÚLTIMA ATUALIZAÇÃO
Campo de Controle 20231122004840.0
008 - DADOS FIXOS
Dados Fixos 231103s2018 mgb 000 0 por d
020 ## - INTERNATIONAL STANDARD BOOK NUMBER
Nº do ISBN 9788545004578
040 ## - AGÊNCIA CATALOGADORA
Código da Agência Catalogadora BR-CuiBMT
Agência que transcreveu o registro BR-CuiBMT
080 ## - Nº DA CLASSIFICAÇÃO DECIMAL UNIVERSAL
Nº edição CDU 2007
Nº Class. CDU 342:340.5
090 ## - NÚMERO DE CHAMADA
Nº classificação 342:340.5
Cutter C568j
Ano/Edição 2. ed.
100 1# - ENTRADA PRINCIPAL -- AUTOR PESSOAL
Nome pessoal Cicconetti, Stefano Maria
245 10 - TÍTULO PRINCIPAL
Título principal Jurisdição constitucional comparada :
Subtítulo Brasil, Itália, Alemanha, França e EUA /
Indicação de responsabilidade Stefano Maria Cicconetti, Anderson Vichinkeski Teixeira ; prefácio Ingo Wolfgang Sarlet.
250 ## - EDIÇÃO
Edição 2. ed.
260 ## - PUBLICAÇÃO, DISTRIBUIÇÃO, ETC.
Local de publicação Belo Horizonte :
Editora Fórum,
Data c2018.
300 ## - DESCRIÇÃO FÍSICA
N. páginas ou volumes 383 p. ;
Dimensões 22 cm
504 ## - NOTA DE BIBLIOGRAFIA, ETC.
Nota de bibliografia Inclui bibliografia.
650 ## - ASSUNTO TÓPICO
Cabeçalho tópico ou nome geográfico Direito comparado
650 ## - ASSUNTO TÓPICO
Cabeçalho tópico ou nome geográfico Controle de constitucionalidade
650 ## - ASSUNTO TÓPICO
Cabeçalho tópico ou nome geográfico Jurisdição constitucional
Subdivisão geral Direito comparado
700 1# - ENTRADA SECUNDÁRIA -- NOME PESSOAL
Nome pessoal Teixeira, Anderson Vichinkeski,
Datas associadas ao nome 1980-
942 ## - ELEMENTOS DE ENTRADA ADICIONAIS (KOHA)
Fonte de classificação ou esquema de arquivamento Classificação Decimal Universal
Tipo de item do Koha Livros
Holdings
Estado: removido Estado: perdido Fonte de classificação ou esquema de arquivamento Estado: danificado Indisponível para empréstimo Localização permanente Localização atual Data de aquisição Total Checkouts Número de Chamada completo Código de barras Date last seen Número do exemplar Preço efetivo a partir de Tipo de item (Koha)
    Classificação Decimal Universal     Biblioteca da Escola Superior de Contas do TCE/MT Biblioteca da Escola Superior de Contas do TCE/MT 13/08/2019   342:340.5 C568j 2. ed. BIBTCEMT23110098 03/11/2023 Ex. 1 03/11/2023 Livros
    Classificação Decimal Universal     Biblioteca da Escola Superior de Contas do TCE/MT Biblioteca da Escola Superior de Contas do TCE/MT 13/08/2019   342:340.5 C568j 2. ed. BIBTCEMT23110100 03/11/2023 Ex. 2 03/11/2023 Livros

Powered by Koha